Una república de Patricios. Venecia
Guardat en:
| Autor principal: | |
|---|---|
| Format: | Llibre |
| Idioma: | espanyol |
| Publicat: |
Madrid
Espasa Calpe
1943
|
| Col·lecció: | Colección de Estudios y Ensayos Históricos
|
| Matèries: | |
| Etiquetes: |
Afegir etiqueta
Sense etiquetes, Sigues el primer a etiquetar aquest registre!
|
MARC
| LEADER | 00000nam a2200000 a 4500 | ||
|---|---|---|---|
| 001 | UCU4461 | ||
| 003 | CL-VaPUC | ||
| 008 | 960524e19430000SP |||||||||||||||||spa|d | ||
| 082 | 0 | 4 | |a 945.31 |b DIE |2 21 |
| 100 | 0 | |a Diehl, Carlos |e author |9 362026 | |
| 245 | 1 | 4 | |a Una república de Patricios. Venecia |
| 300 | |a 205 p | ||
| 942 | |c BK | ||
| 945 | |d 19960524 00:00:00 |a rbrito | ||
| 260 | |a Madrid |b Espasa Calpe |c 1943 | ||
| 650 | 0 | |a Historia de Italia |9 362027 | |
| 650 | 0 | |a Constitución política |9 336925 | |
| 650 | 0 | |a Vida y costumbres |9 611784 | |
| 650 | 0 | |a Política internacional |9 255813 | |
| 651 | 7 | |a VENECIA |2 CL-VaPUC |9 268373 | |
| 651 | 0 | |a Italia |9 254949 | |
| 583 | |a last modification |c 20131001 01:30:39 |k Rodrigo Vera | ||
| 490 | 0 | |a Colección de Estudios y Ensayos Históricos | |
| 999 | |c 248162 |d 248160 | ||
| 952 | |0 0 |1 0 |4 0 |6 945_310000000000000_DIE_1943 |7 0 |8 X |9 264605 |a BIBHIS |b BIBHIS |d 2019-11-19 |i 320278K |o 945.31 DIE 1943 |p 320278K |r 2024-01-30 |w 2019-11-19 |y BK_X |k HIS | ||